00747cam a22002291a 45000010005000000030008000050050017000130080039000300350018000690350018000870400054001050410008001590820019001671000041001862450065002272600059002923000027003515040064003786500016004426510036004587100023004945013BD-RjUL20211208234007.0131224s1966 nju b 001 0 eng a(BD-RjUL)5049 a(OCoLC)419073 aDLCcODaWUdOCoLCdMoSU-LdCLUdDLCdBD-RjULbeng aeng a340.09667bHAL1 aHarvey, William Burnett,d1922-1999.10aLaw and social change in Ghana /cby William Burnett Harvey. aPrinceton, N.J. :bPrinceton University Press,cc1966. axiii, 453 p. ;c21 cm. aIncludes bibliographical references, index and legislation. 0aLawzGhana. 0aGhanaxPolitics and government.1 aGhana.tLaws, etc.